000 00464pab a2200181 454500
008 180718b2010 xxu||||| |||| 00| 0 eng d
100 _aKang, Tejpreet
245 _aThe daughter deficit-exploring declining sex ratio in Punjab
260 _c2010
300 _ap.18-22.
362 _aFeb
650 _aSex distribution - India - Punjab
650 _aSex distribution
700 _aChawla, Asha
773 _aSocial Welfare
908 _aN
909 _a85652
999 _c85652
_d85652